Surrealisme (Le) (Record n. 68934)

Dettagli MARC
000 -LEADER
fixed length control field 01492nam a2200301Ia 4500
001 - CONTROL NUMBER
control field 88986
003 - CONTROL NUMBER IDENTIFIER
control field IT-RoPAU
008 - FIXED-LENGTH DATA ELEMENTS--GENERAL INFORMATION
fixed length control field 130308s9999 xx 000 0 und d
040 ## - CATALOGING SOURCE
Original cataloging agency IT-RoPAU
040 ## - CATALOGING SOURCE
Transcribing agency IT-RoPAU
041 ## - LANGUAGE CODE
Language code of text/sound track or separate title FRANCESE
999 ## - SYSTEM CONTROL NUMBERS (KOHA)
Koha Dewey Subclass [OBSOLETE] SI
100 ## - MAIN ENTRY--PERSONAL NAME
Personal name Bartoli-Anglard Veronique
100 ## - MAIN ENTRY--PERSONAL NAME
Miscellaneous information Codice Aut. SPICS: 31915
245 ## - TITLE STATEMENT
Title Surrealisme (Le)
245 ## - TITLE STATEMENT
Remainder of title Surrealisme (Le)
250 ## - EDITION STATEMENT
Edition statement 1a ed.
260 ## - PUBLICATION, DISTRIBUTION, ETC. (IMPRINT)
Place of publication, distribution, etc. PARIS
260 ## - PUBLICATION, DISTRIBUTION, ETC. (IMPRINT)
Name of publisher, distributor, etc. Nathan
260 ## - PUBLICATION, DISTRIBUTION, ETC. (IMPRINT)
Date of publication, distribution, etc. 1989 [1° Ed.:1989 - Ed.Ling.Originale:1989]
300 ## - PHYSICAL DESCRIPTION
Extent "160 p. (prefazione: no ; testo: 160 [pagine: 0-0])"
500 ## - GENERAL NOTE
General note Arte in cambiamento sorgenti del surrealismo Romanticismo Simbolismo Fantastico Prese di posizione surrealiste Nascita del comunismo Anti Cultura Dada Andre' Breton e Il gruppo Grandi Opzioni del Movimento Alla Ricerca di un Linguaggio Scrittura Automatica Dare Forma Umana al Linguaggio Aprire le Porte al Surreale Immaginazione surrealista Trascrizione del sogno Fantastico e follia Amore forza di liberazione Visione Mitica della donna Alla Ricerca di Nuovi Miti Mito collettivo Teoria della Sorte Obiettiva Pittura surrealista Poesia e Pittura Tecniche per un'arte vivente Teatro e Cinema Mondo in Movimento Cinema del Surreale Ricerca dell'Assoluto e dell'Eccezionale Espressione della Rivolta Permanente piccola Cronologia surrealista Bibliografia
650 ## - SUBJECT ADDED ENTRY--TOPICAL TERM
Topical term or geographic name as entry element SAGGI DI ICONOLOGIA
650 ## - SUBJECT ADDED ENTRY--TOPICAL TERM
Relator term Codice materia Spics: 5161
942 ## - ADDED ENTRY ELEMENTS (KOHA)
Koha item type LIBRO
957 ## -
-- 1
999 ## - SYSTEM CONTROL NUMBERS (KOHA)
-- 1
Dati di copia
Withdrawn status Lost status Damaged status Not for loan Home library Current library Date acquired Total Checkouts Full call number Date last seen Price effective from Koha item type Public note
    Buone Condizioni Not For Loan SPICS-MEDIATECA SPICS-MEDIATECA 08/03/2013   88986 08/03/2013 08/03/2013 LIBRO Progressivo inserimento: 23799 / N. Volumi: 1 Copie: 1 Copia Rara: SI / data import: 1 marzo 2013 - By Epidotti, Trombetti, Vaglietti.
CREDITS: SOCIETA' SAN PAOLO Via A.Severo, 58 - ROMA (RM) & PERIODICI SAN PAOLO SRL Via Giotto, 36 MILANO & CISF Via Giotto, 36 MILANO & EDIZIONI SAN PAOLO SRL,  Piazza Soncino, 5 CINISELLO BALSAMO (MI) -- ITALY